Responses for Show #5802 - Tuesday, December 1, 2009

Contestants

[<< previous game]

Ryan Swaim, a vacation rental manager from Garden City Beach, South Carolina

Shawna Brandle, a Ph.D. candidate from Rockville Centre, New York

Kimberly Jantz, an attorney from Tulsa, Oklahoma (whose 1-day cash winnings total $22,200)

[next game >>]

Jeopardy! Round responses

CHESS
NIGHTS
CASTLING
KING TAKES QUEEN
(Alex: You have to name the two people who got married.)
PRAWNS
"CHECK" MATE
    $200 20
IBM

Ryan
    $200 10
Ben Stiller

Shawna
    $200 25
a moat

Ryan
    $200 1
Ferdinand & Isabella

Kimberly
    $200 15
shrimp

Kimberly
    $200 5
checkout

Shawna
    $400 21
[Obvious edit-out of funny commentary by Alex between Ryan's response and Alex's "Go again, Ryan", as between shots the facial expressions of the players change to broad smiles.]

a bishop

Ryan
    $400 11
John Travolta

Shawna
    $400 26
a turret

Kimberly
    $400 2
Henry VIII & Anne Boleyn

Triple Stumper
    $400 16
(Alex: That's in the Bay Area in [*]. Good place to go.)

San Francisco

Triple Stumper
    $400 6
a rain check

Shawna
    $600 22
Bobby Fischer

Kimberly
    $600 12
The Sixth Sense

Kimberly
    $600 27
Gothic

Kimberly
    $600 3
(Kimberly: Who are Alexandria & Nicholas II?)

Nicholas II & Alexandra

Kimberly
Triple Stumper
    $600 17
deep fry

Triple Stumper
    $600 7
a checkered flag

Kimberly
    $800 23
India

Ryan
    $800 13
A Hard Day's Night

Kimberly
    $800 28
(Ryan: What is Andorra?)

Liechtenstein

Ryan
Triple Stumper
    $800 4
(Kimberly: Who are Louis XVII & Marie Antoinette?)

Louis XVI & Marie Antoinette

KimberlyShawna
    $800 18
Szechuan

Kimberly
    $800 8
Chinese checkers

Kimberly
    $1000 24
(Alex: Minute to go now.)

Washington Square Park

Ryan
    $1000 14
(Edward R.) Murrow

Ryan
    $1000 29
portcullis

Triple Stumper
    $1000 30
William & Mary

Kimberly
    $2,600 19
(Alex: Dhaka, the capital of Bangladesh. [*] right there.)

the Bay of Bengal

Kimberly
    $1000 9
a reality check

Shawna

Scores at the first commercial break (after clue 15):

Kimberly Shawna Ryan
$1,800 $3,000 $1,000

Scores at the end of the Jeopardy! Round:

Kimberly Shawna Ryan
$7,800 $3,000 $2,800

Double Jeopardy! Round responses

T.S. ELIOT
RELATIONSHIPS
THAT'S WHAT SHE SAID
RIVER CITY
"TU" MUCH
POLAR OBSESSION
(Alex: All of the clues will be presented by the National Geographic photographer Paul Nicklen, who took them.)
    $400 4
April

Kimberly
    $400 6
doctor & patient

Kimberly
    $400 3
Helen Keller

Kimberly
    $400 1
the Euphrates

Shawna
    $400 18
tulips

Ryan
    $400 14
a polar bear

Shawna
    $800 5
Cats

Shawna
    $800 7
father & son

Kimberly
    $800 11
Mae West

Ryan
    $800 2
the Missouri

Triple Stumper
    $800 19
turbines

Kimberly
    $800 15
molting

Ryan
    $2,600 28
(Kimberly: What is The Love Song of J. Alfred Prufrock?)

Murder in the Cathedral

Kimberly
    $1200 8
(Shawna: What is parent & child?)
(Kimberly: What is man & wife?)

shepherd & his flock

KimberlyShawna
Triple Stumper
    $3,600 12
(Ryan: I promised my friends I'd do it. Let's make it a True Daily Double, Alex.)
...
(Ryan: I have absolutely no idea.)

Georgia O'Keeffe

Ryan
    $1200 23
the Red River

Triple Stumper
    $1200 20
tuna

Shawna
    $1200 16
(Ryan: What is [*] seal?)

a leopard

Ryan
    $1600 29
[The end-of-round signal sounds.]

The Love Song of J. Alfred Prufrock

Shawna
    $1600 9
parasite & host

Kimberly
    $1600 26
(Coco) Chanel

Shawna
    $1600 24
the Volga

Triple Stumper
    $1600 21
turtledoves

Ryan
    $1600 17
(Alex: [*] is right, and we do want to thank Paul Nicklen for all of these photos, which, by the way, are in his book Polar Obsession.)

a narwhal

Kimberly
    $2000 10
captain & first mate

Triple Stumper
    $2000 27
(Margaret) Sanger

Kimberly
    $2000 25
(Rio) de la Plata

Ryan
    $2000 22
Turkmenistan

Shawna
    $2000 13
sea anemones

Ryan

Scores at the end of the Double Jeopardy! Round:

Kimberly Shawna Ryan
$12,000 $9,800 $8,000

[wagering suggestions for these scores]

Final Jeopardy! Round responses

POLITICAL PHILOSOPHY
RyanWhat is Democracy in America
$7,999
ShawnaWhat is The Social Contract?
$9,800
KimberlyWhat is the Communist Manifesto?
$8,000
The Social Contract (by Jean-Jacques Rousseau)

Final scores:

Kimberly Shawna Ryan
$4,000 $19,600 $1
2nd place: $2,000 New champion: $19,600 3rd place: $1,000

Game dynamics:

Coryat scores:

Kimberly Shawna Ryan
$13,000 $9,800 $11,600
20 R
(including 1 DD),
4 W
(including 1 DD)
13 R,
1 W
13 R,
2 W
(including 1 DD)

Combined Coryat: $34,400

[game clues] [game scores] [suggest correction]

Game tape date: 2009-10-14
The J! Archive is created by fans, for fans. Scraping, republication, monetization, and malicious use prohibited; this site may use cookies and collect identifying information. See terms. The Jeopardy! game show and all elements thereof, including but not limited to copyright and trademark thereto, are the property of Jeopardy Productions, Inc. and are protected under law. This website is not affiliated with, sponsored by, or operated by Jeopardy Productions, Inc. Join the discussion at JBoard.tv.